000 01512nam a2200229Ia 4500
003 Ost
005 20260507075725.0
008 260507s9999||||xx |||||||||||||| ||und||
040 _cfsecg
041 _aara
082 _a332.12
100 _aالنصر، سعيد سيف
_eمؤلف
245 0 _aدور البنوك التجارية في استثمار اموال العملاء /
_c سعيد سيف النصر
260 _aالاسكندرية:
_bمؤسسة شباب الجامعة,
_c2004
300 _a463 صفحة؛
_c24 سم
504 _aبيبليوغرافيا ص. 426
520 _aفي هذا الكتاب : وظيفة البنك التقليدية في استثمار أموال العملاء وسائل البنوك في تجميع ودائع العملاء ؛ سياسة البنوك في استثمار نقود الودائع الدور الجديد للبنوك التجارية كأمناء استثمار ادارة اموال العملاء والخدمات الاخرى المرتبطة بها ؛ادارة محافظ الاوراق المالية دور البنك كمستثمر لأموال العملاء من الوجهة القانونية الطبيعة القانونية لدور لدور البنك كمستثمر لأموال العملاء، مدى مؤولية البنك تجاه العملاء
653 _aالاستثمار المصرفي
653 _aالاوراق التجارية
653 _aالبنوك التجارية
942 _cكتاب
999 _c45970
_d45970